Governance in India (Record no. 177670)

MARC details
000 -LEADER
fixed length control field 00363nam a22001697a 4500
005 - DATE AND TIME OF LATEST TRANSACTION
control field 20260609110654.0
020 ## - INTERNATIONAL STANDARD BOOK NUMBER
ISBN 978-93-90491-72-8
041 ## - LANGUAGE CODE
Language code of text/sound track or separate title English
082 ## - DEWEY DECIMAL CLASSIFICATION NUMBER
Classification number 001 R24 LAX
100 ## - MAIN ENTRY--AUTHOR NAME
Personal name Laxmikanth.M
245 ## - TITLE STATEMENT
Title Governance in India
250 ## - EDITION STATEMENT
Edition statement 3
260 ## - PUBLICATION, DISTRIBUTION, ETC. (IMPRINT)
Place of publication New Delhi
Name of publisher McGraw Hill
Year of publication 2024
300 ## - PHYSICAL DESCRIPTION
Number of Pages 448
365 ## - TRADE PRICE
Price amount 675.00
942 ## - ADDED ENTRY ELEMENTS (KOHA)
Koha item type Books
Holdings
Withdrawn status Lost status Home library Current library Shelving location Date acquired Cost, normal purchase price Full call number Accession Number Cost, replacement price Department Koha item type
    PSG-CAS LIBRARY PSG-CAS LIBRARY Reference 09/06/2026 675.00 001 R24 LAX 154426 675.00 Competitive Exams Books

Contact Us:

PSGCAS LIBRARY
Phone: 04224303300
Website: http://www.psgcas.ac.in/ | Email: psgcaslib@gmail.com


You are Visitor Number

web counter